STRAY WRITTINGS (Record no. 29265)

MARC details
000 -LEADER
fixed length control field 00278nam a22001337a 4500
003 - CONTROL NUMBER IDENTIFIER
control field SGT
020 ## - INTERNATIONAL STANDARD BOOK NUMBER
International Standard Book Number 9789355213099
082 ## - DEWEY DECIMAL CLASSIFICATION NUMBER
Classification number 820
Item number S22B
100 ## - MAIN ENTRY--PERSONAL NAME
Personal name BHATIA, RAJ KUMAR
245 ## - TITLE STATEMENT
Title STRAY WRITTINGS
260 ## - PUBLICATION, DISTRIBUTION, ETC. (IMPRINT)
Name of publisher, distributor, etc PRABHAT PAPERBACKS
Year of Publication 2022
300 ## - PAGE DESCRIPTION
No. of Pages 102
942 ## - ADDED ENTRY ELEMENTS (KOHA)
Source of classification or shelving scheme Dewey Decimal Classification
Koha item type Books
Holdings
Withdrawn status Lost status Source of classification or shelving scheme Damaged status Not for loan Home library Current library Shelving location Date acquired Cost, normal purchase price SGTU Total Checkouts Full call number Accession No. (Barcode) Date last seen Bill Date Koha item type
    Dewey Decimal Classification   Not For Loan SGT Chancellor's Library SGT Chancellor's Library Reference Book 23/01/2025 200.00 SGTU   820 S22B CH1917 23/01/2025 23/01/2025 Books